Rozpoznaj kraj po tam popularnym sporcie - Statystyki

Ogólne statystyki
  • Ten quiz został rozwiązany 24 razy
  • Średni wynik to 9 z 12
Statystyki odpowiedzi
Sport Kraj % Poprawnych
Lacrosse,Hokej na lodzie Kanada
95%
Sporty narciarskie Norwegia
91%
Koszykówka,Ping Pong Chiny
86%
Corrida,Piłka nożna Hiszpania
86%
Krykiet,Hokej na trawie Indie
86%
Lekkoatletyka(Sprinterstwo) Jamajka
86%
Skoki narciarskie,Kolarstwo Słowenia
77%
Łyżwiarstwo,Kolarstwo Holandia
73%
Golf,Curling Wielka Brytania(Szkocja)
73%
Sporty walki,Baseball Japonia
55%
Hokej na lodzie,Koszykówka Łotwa
45%
Kurasz,Boks Uzbekistan
23%
Nie znaleziono quizów pasujących do podanych kryteriów
Rozkład punktacji
Procent ludzi z każdym wynikiem
Percentyl według liczby udzielonych odpowiedzi
Twoja historia wyników
Nie rozwiązałeś tego quizu